| 000 | 01747nam a2200517 i 4500 | ||
|---|---|---|---|
| 001 | 18834 | ||
| 003 | KOSZ 005 | ||
| 005 | 20200702130230.0 | ||
| 008 | 200702s1979 pl a f 000 0 pol | ||
| 015 | _aUWD 1979/8051 | ||
| 020 | _a8302003530 | ||
| 035 | _a991015086329705066 | ||
| 035 | _a(PL-WaBN)b14052660-48omnis_nlop | ||
| 035 | _ab14052660 | ||
| 035 | _a(OCoLC)749227730 | ||
| 035 | _a(PL)b0000001405266 | ||
| 035 | _a(EXLNZ-48OMNIS_NETWORK)9910488860505606 | ||
| 040 |
_aWA N _cWA N _dKOSZ 005/RW |
||
| 046 | _k1979 | ||
| 080 | _a678 | ||
| 080 | _a(07) | ||
| 100 | 1 |
_aDobrosz, Krzysztof _eAutor |
|
| 245 | 1 | 0 |
_aTworzywa sztuczne : _bwłaściwości i zastosowanie / _cKrzysztof Dobrosz, Adam Matysiak. |
| 260 |
_aWarszawa : _bWydawnictwa Szkolne i Pedagogiczne, _c1979. |
||
| 300 |
_a221, [3] stron : _bilustracje, tablice, wykresy ; _c21 cm. |
||
| 336 |
_aTekst _btxt _2rdacontent |
||
| 337 |
_aBez urządzenia pośredniczącego _bn _2rdamedia |
||
| 338 |
_aWolumin _bnc _2rdacarrier |
||
| 380 | _aKsiążki | ||
| 380 | _aPublikacje dydaktyczne | ||
| 388 | _a1901-2000 | ||
| 388 | _a1945-1989 | ||
| 504 | _aBibliografia na stronie [223]. | ||
| 650 | 7 |
_aTworzywa sztuczne _2DBN |
|
| 650 | 7 | _aWłaściwości fizyczne | |
| 650 | 7 | _aWłaściwości chemiczne | |
| 650 | 7 | _aZastosowanie i wykorzystanie | |
| 655 | 7 | _aPodręcznik | |
| 658 | _aFizyka i astronomia | ||
| 658 | _aInżynieria i technika | ||
| 700 | 1 |
_aMatysiak, Adam _eAutor |
|
| 710 | 2 |
_aWydawnictwa Szkolne i Pedagogiczne _4pbl |
|
| 856 |
_uhttp://koha.tu.koszalin.pl/cgi-bin/koha/opac-detail.pl?biblionumber=18834 _yKatalog online BPK |
||
| 942 |
_2UKD _cKS |
||
| 999 |
_c18834 _d18834 |
||